[Event "Test Tournament"]
[Site "Emanuel Lasker Arena"]
[Date "2024.04.09"]
[Round "3"]
[White "LiliBeth"]
[Black "Dominatrix"]
[Result "*"]
[WhiteElo "1853"]
[BlackElo "1733"]
[Annotator "NA RC"]
[PlyCount "28"]
[EventDate "2024.04.09"]
[EventType "swiss (blitz)"]

{LiliBeth resigns Dominatrix resigns} 1. e4 {[%emt 0:00:01]} c5 {[%emt 0:00:02]} 2. Nf3 {[%emt 0:00:02]} d6 {[%emt 0:00:01]} 3. d4 {[%emt 0:00:01]} cxd4 {[%emt 0:00:01]} 4. Nxd4 {[%emt 0:00:01]} Nf6 {[%emt 0:00:01]} 5. Nc3 {[%emt 0:00:01]} a6 {[%emt 0:00:01]} 6. Be3 {[%emt 0:00:01]} e6 {[%emt 0:00:01]} 7. f3 {[%emt 0:00:01]} h5 {[%emt 0:00:02]} 8. Qd2 {[%emt 0:00:01]} h4 {[%emt 0:00:01]} 9. O-O-O {[%emt 0:00:01]} b5 {[%emt 0:00:04]} 10. Be2 {[%emt 0:00:04]} b4 {[%emt 0:00:01]} 11. Nxe6 {[%emt 0:00:07]} Bxe6 {[%emt 0:00:01]} 12. Na4 {[%emt 0:00:04]} h3 {[%emt 0:00:03]} 13. Qxb4 {[%emt 0:00:09]} hxg2 {[%emt 0:00:01]} 14. Rhe1 {[%emt 0:00:02]} Rxh2 {[%emt 0:00:01]} *

[Event "Test Tournament"]
[Site "Emanuel Lasker Arena"]
[Date "2024.04.09"]
[Round "3"]
[White "Mrs Florrick"]
[Black "Chartwell"]
[Result "0-1"]
[WhiteElo "1780"]
[BlackElo "2149"]
[Annotator "RC"]
[PlyCount "56"]
[EventDate "2024.04.09"]
[EventType "swiss (blitz)"]

1. e4 {[%emt 0:00:01]} e5 {[%emt 0:00:01]} 2. Nf3 {[%emt 0:00:01]} Nc6 {[%emt 0:00:01]} 3. Bb5 {[%emt 0:00:02]} a6 {[%emt 0:00:01]} 4. Ba4 {[%emt 0:00:01]} Nf6 {[%emt 0:00:01]} 5. O-O {[%emt 0:00:01]} Be7 {[%emt 0:00:01]} 6. Re1 {[%emt 0:00:01]} b5 {[%emt 0:00:01]} 7. Bb3 {[%emt 0:00:01]} O-O {[%emt 0:00:01]} 8. c3 {[%emt 0:00:02]} d6 {[%emt 0:00:00]} 9. h3 {[%emt 0:00:01]} Na5 {[%emt 0:00:01]} 10. Bc2 {[%emt 0:00:01]} c5 {[%emt 0:00:01]} 11. d4 {[%emt 0:00:01]} cxd4 {[%emt 0:00:02]} 12. cxd4 {[%emt 0:00:01]} Qc7 {[%emt 0:00:04]} 13. Nc3 {[%emt 0:00:01]} Bd7 {[%emt 0:00:01]} 14. Bd3 {[%emt 0:00:03]} Rac8 {[%emt 0:00:04]} 15. Bg5 {[%emt 0:00:01]} h6 {[%emt 0:00:03]} 16. dxe5 {[%emt 0:00:03]} dxe5 {[%emt 0:00:01]} 17. Be3 {[%emt 0:00:03]} Ba3 {[%emt 0:00:03]} 18. Na4 {[%emt 0:00:03]} Qd6 {[%emt 0:00:03]} 19. bxa3 {[%emt 0:00:02]} bxa4 {[%emt 0:00:01]} 20. Qd2 {[%emt 0:00:02]} Be6 {[%emt 0:00:03]} 21. Rec1 {[%emt 0:00:02]} Rfe8 {[%emt 0:00:02]} 22. Qxa5 {[%emt 0:00:02]} Qxd3 {[%emt 0:00:01]} 23. Qxa4 {[%emt 0:00:01]} Nxe4 {[%emt 0:00:01]} 24. Nxe5 {[%emt 0:00:02]} Qd5 {[%emt 0:00:03]} 25. Nc6 {[%emt 0:00:02]} Qd3 {[%emt 0:00:02]} 26. Rd1 {[%emt 0:00:02]} Qc3 {[%emt 0:00:02]} 27. Rdc1 {[%emt 0:00:02]} Qd3 {[%emt 0:00:01]} 28. Rab1 {[%emt 0:00:01]} Nc3 {[%emt 0:00:01] Time (Lag: Av=0.07s, max=0.6s) .} 0-1

[Event "Test Tournament"]
[Site "Emanuel Lasker Arena"]
[Date "2024.04.09"]
[Round "3"]
[White "Lord Grantham"]
[Black "Jed Bartlet"]
[Result "0-1"]
[WhiteElo "1766"]
[BlackElo "2159"]
[Annotator "RC"]
[PlyCount "86"]
[EventDate "2024.04.09"]
[EventType "swiss (blitz)"]

1. d4 {[%emt 0:00:01]} Nf6 {[%emt 0:00:01]} 2. c4 {[%emt 0:00:01]} e6 {[%emt 0:00:01]} 3. Nf3 {[%emt 0:00:01]} d5 {[%emt 0:00:01]} 4. g3 {[%emt 0:00:01]} Bb4+ {[%emt 0:00:01]} 5. Bd2 {[%emt 0:00:01]} a5 {[%emt 0:00:01]} 6. Qc2 {[%emt 0:00:05]} c5 {[%emt 0:00:01]} 7. cxd5 {[%emt 0:00:01]} cxd4 {[%emt 0:00:01]} 8. Bxb4 {[%emt 0:00:01]} axb4 {[%emt 0:00:01]} 9. Bg2 {[%emt 0:00:02]} b3 {[%emt 0:00:01]} 10. Qxb3 {[%emt 0:00:01]} d3 {[%emt 0:00:04]} 11. dxe6 {[%emt 0:00:04]} Bxe6 {[%emt 0:00:01]} 12. Qb5+ {[%emt 0:00:01]} Nc6 {[%emt 0:00:04]} 13. Qxd3 {[%emt 0:00:01]} Qb6 {[%emt 0:00:01]} 14. Ng5 {[%emt 0:00:04]} Ne5 {[%emt 0:00:03]} 15. Qc3 {[%emt 0:00:04]} Nfg4 {[%emt 0:00:04]} 16. Rf1 {[%emt 0:00:03]} Bf5 {[%emt 0:00:03]} 17. Be4 {[%emt 0:00:03]} Rc8 {[%emt 0:00:03]} 18. Bxf5 {[%emt 0:00:03]} Rxc3 {[%emt 0:00:01]} 19. Nxc3 {[%emt 0:00:01]} Qxb2 {[%emt 0:00:01]} 20. Rd1 {[%emt 0:00:03]} Qxc3+ {[%emt 0:00:01]} 21. Rd2 {[%emt 0:00:01]} O-O {[%emt 0:00:02]} 22. Bc2 {[%emt 0:00:02]} f6 {[%emt 0:00:02]} 23. Ne6 {[%emt 0:00:02]} Ra8 {[%emt 0:00:02]} 24. Be4 {[%emt 0:00:01]} h5 {[%emt 0:00:02]} 25. a4 {[%emt 0:00:01]} g6 {[%emt 0:00:02]} 26. Bd5 {[%emt 0:00:01]} Kh7 {[%emt 0:00:01]} 27. h4 {[%emt 0:00:01]} Ra5 {[%emt 0:00:02]} 28. Rh1 {[%emt 0:00:01]} Rxd5 {[%emt 0:00:01]} 29. Nd4 {[%emt 0:00:02]} Qc1+ {[%emt 0:00:01]} 30. Rd1 {[%emt 0:00:01]} Qxd1+ {[%emt 0:00:01]} 31. Kxd1 {[%emt 0:00:01]} Rxd4+ {[%emt 0:00:01]} 32. Ke1 {[%emt 0:00:01]} Rxa4 {[%emt 0:00:01]} 33. Kd2 {[%emt 0:00:01]} b5 {[%emt 0:00:01]} 34. Rb1 {[%emt 0:00:01]} Nxf2 {[%emt 0:00:01]} 35. Rxb5 {[%emt 0:00:01]} Ra2+ {[%emt 0:00:01]} 36. Ke1 {[%emt 0:00:01]} Ne4 {[%emt 0:00:01]} 37. Rb7+ {[%emt 0:00:01]} Kh6 {[%emt 0:00:01]} 38. Kf1 {[%emt 0:00:01]} Nxg3+ {[%emt 0:00:01]} 39. Kg2 {[%emt 0:00:01]} Nf5 {[%emt 0:00:01]} 40. Kg1 {[%emt 0:00:01]} Rxe2 {[%emt 0:00:01]} 41. Rb2 {[%emt 0:00:00]} Nxh4 {[%emt 0:00:00]} 42. Rxe2 {[%emt 0:00:00]} g5 {[%emt 0:00:01]} 43. Kf2 {[%emt 0:00:01] .} Nhf3 {[%emt 0:00:00]} 0-1

[Event "Test Tournament"]
[Site "Emanuel Lasker Arena"]
[Date "2024.04.09"]
[Round "3"]
[White "Girlfriend Chess"]
[Black "CheckMaid"]
[Result "*"]
[WhiteElo "1752"]
[BlackElo "1645"]
[Annotator "NA RC"]
[PlyCount "35"]
[EventDate "2024.04.09"]
[EventType "swiss (blitz)"]

{Girlfriend Chess resigns CheckMaid resigns} 1. e4 {[%emt 0:00:01]} c5 {[%emt 0:00:01]} 2. Nf3 {[%emt 0:00:01]} d6 {[%emt 0:00:01]} 3. d4 {[%emt 0:00:01]} cxd4 {[%emt 0:00:01]} 4. Nxd4 {[%emt 0:00:01]} Nf6 {[%emt 0:00:01]} 5. Nc3 {[%emt 0:00:01]} a6 {[%emt 0:00:01]} 6. Be3 {[%emt 0:00:01]} e6 {[%emt 0:00:01]} 7. f3 {[%emt 0:00:01]} h5 {[%emt 0:00:01]} 8. Qd2 {[%emt 0:00:01]} Be7 {[%emt 0:00:01]} 9. O-O-O {[%emt 0:00:01]} b5 {[%emt 0:00:01]} 10. Bd3 {[%emt 0:00:02]} b4 {[%emt 0:00:01]} 11. e5 {[%emt 0:00:07]} bxc3 {[%emt 0:00:01]} 12. Qxc3 {[%emt 0:00:01]} dxe5 {[%emt 0:00:01]} 13. Nc6 {[%emt 0:00:04]} Nd5 {[%emt 0:00:05]} 14. Nxd8 {[%emt 0:00:01]} Nxc3 {[%emt 0:00:01]} 15. bxc3 {[%emt 0:00:00]} Bxd8 {[%emt 0:00:01]} 16. Be4 {[%emt 0:00:03]} Nd7 {[%emt 0:00:04]} 17. Bxa8 {[%emt 0:00:01]} Ba5 {[%emt 0:00:06]} 18. Rd6 {[%emt 0:00:03]} *

[Event "Test Tournament"]
[Site "Emanuel Lasker Arena"]
[Date "2024.04.09"]
[Round "3"]
[White "Dominatrix"]
[Black "Knightess"]
[Result "1/2-1/2"]
[WhiteElo "1733"]
[BlackElo "1620"]
[Annotator "NA RC"]
[PlyCount "83"]
[EventDate "2024.04.09"]
[EventType "swiss (blitz)"]

1. e4 {[%emt 0:00:01]} c5 {[%emt 0:00:00]} 2. Nf3 {[%emt 0:00:01]} d6 {[%emt 0:00:02]} 3. d4 {[%emt 0:00:01]} cxd4 {[%emt 0:00:01]} 4. Nxd4 {[%emt 0:00:01]} Nf6 {[%emt 0:00:01]} 5. Nc3 {[%emt 0:00:02]} a6 {[%emt 0:00:02]} 6. Bg5 {[%emt 0:00:01]} Bg4 {[%emt 0:00:01]} 7. f3 {[%emt 0:00:03]} e5 {[%emt 0:00:04]} 8. fxg4 {[%emt 0:00:02]} exd4 {[%emt 0:00:01]} 9. Qxd4 {[%emt 0:00:01]} Nc6 {[%emt 0:00:04]} 10. Qc4 {[%emt 0:00:04]} Ne5 {[%emt 0:00:04]} 11. Qd4 {[%emt 0:00:03]} h5 {[%emt 0:00:03]} 12. Nd5 {[%emt 0:00:03]} hxg4 {[%emt 0:00:03]} 13. h4 {[%emt 0:00:03]} Qa5+ {[%emt 0:00:03]} 14. Bd2 {[%emt 0:00:03]} Qd8 {[%emt 0:00:03]} 15. Bg5 {[%emt 0:00:03]} Rc8 {[%emt 0:00:02]} 16. h5 {[%emt 0:00:02]} Rxc2 {[%emt 0:00:01]} 17. Bd3 {[%emt 0:00:02]} Rxg2 {[%emt 0:00:01]} 18. O-O-O {[%emt 0:00:02]} Rxh5 {[%emt 0:00:01]} 19. Bxf6 {[%emt 0:00:01]} Qc8+ {[%emt 0:00:02]} 20. Kb1 {[%emt 0:00:01]} Rxh1 {[%emt 0:00:02]} 21. Rxh1 {[%emt 0:00:01]} gxf6 {[%emt 0:00:01]} 22. Nxf6+ {[%emt 0:00:01]} Ke7 {[%emt 0:00:01]} 23. Ng8+ {[%emt 0:00:02]} Kd7 {[%emt 0:00:01]} 24. Rc1 {[%emt 0:00:01]} Qd8 {[%emt 0:00:02]} 25. Rc5 {[%emt 0:00:01]} Nxd3 {[%emt 0:00:01]} 26. Qxd3 {[%emt 0:00:01]} Bg7 {[%emt 0:00:02]} 27. Qd5 {[%emt 0:00:01]} Rxb2+ {[%emt 0:00:01]} 28. Kc1 {[%emt 0:00:01]} Qxg8 {[%emt 0:00:01]} 29. Qf5+ {[%emt 0:00:01]} Kd8 {[%emt 0:00:01]} 30. Qc8+ {[%emt 0:00:01]} Ke7 {[%emt 0:00:01]} 31. Qxg8 {[%emt 0:00:01]} dxc5 {[%emt 0:00:01]} 32. Qxg7 {[%emt 0:00:01]} Rxa2 {[%emt 0:00:01]} 33. Qd4 {[%emt 0:00:01]} cxd4 {[%emt 0:00:01]} 34. Kb1 {[%emt 0:00:01]} Re2 {[%emt 0:00:01]} 35. Kc1 {[%emt 0:00:01]} d3 {[%emt 0:00:01]} 36. Kd1 {[%emt 0:00:00]} g3 {[%emt 0:00:01]} 37. e5 {[%emt 0:00:00]} Rxe5 {[%emt 0:00:00]} 38. Kd2 {[%emt 0:00:00]} g2 {[%emt 0:00:01]} 39. Kxd3 {[%emt 0:00:01]} g1=Q {[%emt 0:00:01]} 40. Kc4 {[%emt 0:00:01]} b5+ {[%emt 0:00:01]} 41. Kb4 {[%emt 0:00:01]} Qc1 {[%emt 0:00:01] '} 42. Ka5 {[%emt 0:00:01] (Lag: Av=0.07s, max=0.5s)} 1/2-1/2

[Event "Test Tournament"]
[Site "Emanuel Lasker Arena"]
[Date "2024.04.09"]
[Round "3"]
[White "Dominatrix"]
[Black "Encheladus"]
[Result "0-1"]
[WhiteElo "1733"]
[BlackElo "1620"]
[Annotator "NA RC"]
[PlyCount "38"]
[EventDate "2024.04.09"]
[EventType "swiss (blitz)"]
[TimeControl "60"]

1. e4 {[%emt 0:00:01]} e5 {[%emt 0:00:01]} 2. Nf3 {[%emt 0:00:01]} Nc6 {[%emt 0:00:01]} 3. Bb5 {[%emt 0:00:01]} a6 {[%emt 0:00:00]} 4. Ba4 {[%emt 0:00:01]} d6 {[%emt 0:00:01]} 5. Bxc6+ {[%emt 0:00:01]} bxc6 {[%emt 0:00:01]} 6. d4 {[%emt 0:00:01]} f6 {[%emt 0:00:00]} 7. c4 {[%emt 0:00:01]} Ne7 {[%emt 0:00:01]} 8. Be3 {[%emt 0:00:04]} f5 {[%emt 0:00:01]} 9. Nc3 {[%emt 0:00:04]} Ng6 {[%emt 0:00:04]} 10. Qa4 {[%emt 0:00:03]} f4 {[%emt 0:00:02]} 11. Qxc6+ {[%emt 0:00:01]} Bd7 {[%emt 0:00:01]} 12. Ng5 {[%emt 0:00:03]} Bxc6 {[%emt 0:00:01]} 13. Ne6 {[%emt 0:00:01]} Qd7 {[%emt 0:00:03]} 14. Nxf8 {[%emt 0:00:01]} Nxf8 {[%emt 0:00:01]} 15. d5 {[%emt 0:00:03]} fxe3 {[%emt 0:00:01]} 16. dxc6 {[%emt 0:00:01]} exf2+ {[%emt 0:00:01]} 17. Kxf2 {[%emt 0:00:01]} Qxc6 {[%emt 0:00:01]} 18. h3 {[%emt 0:00:03]} Qxc4 {[%emt 0:00:01]} 19. Nd5 {[%emt 0:00:03]} h5 {[%emt 0:00:03] Dominatrix resigns (Lag: Av=0.05s, max=0.1s)} 0-1

[Event "Test Tournament"]
[Site "Emanuel Lasker Arena"]
[Date "2024.04.09"]
[Round "3"]
[White "Patemkin"]
[Black "Fuerteventura"]
[Result "1-0"]
[WhiteElo "1680"]
[BlackElo "1620"]
[Annotator "NA RC"]
[PlyCount "59"]
[EventDate "2024.04.09"]
[EventType "swiss (blitz)"]

1. d4 {[%emt 0:00:01]} f5 {[%emt 0:00:01]} 2. Nf3 {[%emt 0:00:01]} Nf6 {[%emt 0:00:01]} 3. c4 {[%emt 0:00:05]} d6 {[%emt 0:00:01]} 4. g3 {[%emt 0:00:01]} g6 {[%emt 0:00:01]} 5. Bg2 {[%emt 0:00:01]} Ne4 {[%emt 0:00:01]} 6. Nbd2 {[%emt 0:00:01]} c5 {[%emt 0:00:01]} 7. Nxe4 {[%emt 0:00:04]} fxe4 {[%emt 0:00:01]} 8. Ng5 {[%emt 0:00:04]} Qb6 {[%emt 0:00:07]} 9. Qb3 {[%emt 0:00:03]} cxd4 {[%emt 0:00:01]} 10. Qxb6 {[%emt 0:00:03]} axb6 {[%emt 0:00:01]} 11. Bxe4 {[%emt 0:00:01]} Bg4 {[%emt 0:00:05]} 12. b3 {[%emt 0:00:01]} Bh6 {[%emt 0:00:03]} 13. Nxh7 {[%emt 0:00:01]} Bxc1 {[%emt 0:00:04]} 14. Bxg6+ {[%emt 0:00:01]} Kd7 {[%emt 0:00:01]} 15. Rxc1 {[%emt 0:00:01]} Rxa2 {[%emt 0:00:01]} 16. f3 {[%emt 0:00:03]} e5 {[%emt 0:00:06]} 17. Nf6+ {[%emt 0:00:01]} Kc6 {[%emt 0:00:02]} 18. fxg4 {[%emt 0:00:03]} Nd7 {[%emt 0:00:02]} 19. g5 {[%emt 0:00:02]} d3 {[%emt 0:00:02]} 20. Bxd3 {[%emt 0:00:02]} Nc5 {[%emt 0:00:01]} 21. g6 {[%emt 0:00:02]} Nxd3+ {[%emt 0:00:01]} 22. exd3 {[%emt 0:00:01]} Rf8 {[%emt 0:00:01]} 23. g7 {[%emt 0:00:01]} Rxf6 {[%emt 0:00:01]} 24. g8=Q {[%emt 0:00:01]} Kc5 {[%emt 0:00:01]} 25. Qd5+ {[%emt 0:00:01]} Kb4 {[%emt 0:00:01]} 26. h4 {[%emt 0:00:01]} e4 {[%emt 0:00:02]} 27. dxe4 {[%emt 0:00:01]} Ka3 {[%emt 0:00:02]} 28. h5 {[%emt 0:00:01]} Kxb3 {[%emt 0:00:01]} 29. Qb5+ {[%emt 0:00:01]} Ka3 {[%emt 0:00:01]} 30. Rc3# {[%emt 0:00:01] (Lag: Av=0.06s, max=0.1s)} 1-0

[Event "Test Tournament"]
[Site "Emanuel Lasker Arena"]
[Date "2024.04.09"]
[Round "3"]
[White "CheckMaid"]
[Black "Fuerteventura"]
[Result "0-1"]
[WhiteElo "1650"]
[BlackElo "1620"]
[Annotator "NA RC"]
[PlyCount "38"]
[EventDate "2024.04.09"]
[EventType "swiss (blitz)"]
[TimeControl "60"]

1. e4 {[%emt 0:00:01]} e5 {[%emt 0:00:01]} 2. Nf3 {[%emt 0:00:00]} Nc6 {[%emt 0:00:01]} 3. Bb5 {[%emt 0:00:01]} a6 {[%emt 0:00:01]} 4. Ba4 {[%emt 0:00:01]} Nf6 {[%emt 0:00:01]} 5. O-O {[%emt 0:00:01]} Nxe4 {[%emt 0:00:01]} 6. Re1 {[%emt 0:00:01]} Nc5 {[%emt 0:00:01]} 7. Bxc6 {[%emt 0:00:01]} dxc6 {[%emt 0:00:01]} 8. Nxe5 {[%emt 0:00:01]} Be7 {[%emt 0:00:01]} 9. d4 {[%emt 0:00:01]} Ne6 {[%emt 0:00:01]} 10. Be3 {[%emt 0:00:01]} O-O {[%emt 0:00:00]} 11. Qg4 {[%emt 0:00:04]} f5 {[%emt 0:00:01]} 12. h3 {[%emt 0:00:02]} fxg4 {[%emt 0:00:01]} 13. hxg4 {[%emt 0:00:01]} Nxd4 {[%emt 0:00:04]} 14. Bxd4 {[%emt 0:00:01]} Qxd4 {[%emt 0:00:00]} 15. Nf3 {[%emt 0:00:03]} Qxb2 {[%emt 0:00:01]} 16. Rxe7 {[%emt 0:00:01]} Qxa1 {[%emt 0:00:00]} 17. Ng5 {[%emt 0:00:04]} Qxb1+ {[%emt 0:00:01]} 18. Kh2 {[%emt 0:00:01]} Bxg4 {[%emt 0:00:01]} 19. Rxc7 {[%emt 0:00:01]} Rxf2 {[%emt 0:00:01] CheckMaid resigns (Lag: Av=0.05s, max=0.1s)} 0-1

[Event "Test Tournament"]
[Site "Emanuel Lasker Arena"]
[Date "2024.04.09"]
[Round "3"]
[White "CheckMaid"]
[Black "Dominatrix"]
[Result "0-1"]
[WhiteElo "1645"]
[BlackElo "1733"]
[Annotator "NA RC"]
[PlyCount "60"]
[EventDate "2024.04.09"]
[EventType "swiss (blitz)"]

1. e4 {[%emt 0:00:01]} e5 {[%emt 0:00:01]} 2. Nf3 {[%emt 0:00:01]} Nc6 {[%emt 0:00:01]} 3. Bb5 {[%emt 0:00:01]} a6 {[%emt 0:00:01]} 4. Ba4 {[%emt 0:00:01]} Nf6 {[%emt 0:00:01]} 5. O-O {[%emt 0:00:01]} Be7 {[%emt 0:00:01]} 6. Re1 {[%emt 0:00:01]} b5 {[%emt 0:00:01]} 7. Bb3 {[%emt 0:00:01]} O-O {[%emt 0:00:01]} 8. c3 {[%emt 0:00:01]} d5 {[%emt 0:00:01]} 9. d4 {[%emt 0:00:01]} Nxe4 {[%emt 0:00:02]} 10. dxe5 {[%emt 0:00:02]} Bc5 {[%emt 0:00:01]} 11. Nd4 {[%emt 0:00:02]} Nxe5 {[%emt 0:00:01]} 12. Qh5 {[%emt 0:00:02]} Qf6 {[%emt 0:00:04]} 13. Rxe4 {[%emt 0:00:02]} dxe4 {[%emt 0:00:02]} 14. Bg5 {[%emt 0:00:04]} Qb6 {[%emt 0:00:04]} 15. Bd5 {[%emt 0:00:03]} Bg4 {[%emt 0:00:04]} 16. Qh4 {[%emt 0:00:01]} Bxd4 {[%emt 0:00:02]} 17. cxd4 {[%emt 0:00:01]} Qxd4 {[%emt 0:00:01]} 18. Nc3 {[%emt 0:00:01]} h6 {[%emt 0:00:03]} 19. Bxe4 {[%emt 0:00:01]} Nd3 {[%emt 0:00:03]} 20. Bxh6 {[%emt 0:00:01]} f5 {[%emt 0:00:02]} 21. Qf6 {[%emt 0:00:11]} Qxf2+ {[%emt 0:00:01]} 22. Kh1 {[%emt 0:00:01]} Rxf6 {[%emt 0:00:01]} 23. Bxa8 {[%emt 0:00:00]} Rxh6 {[%emt 0:00:01]} 24. Nd5 {[%emt 0:00:01]} c5 {[%emt 0:00:02]} 25. a4 {[%emt 0:00:01]} f4 {[%emt 0:00:02]} 26. Ne7+ {[%emt 0:00:01]} Kf7 {[%emt 0:00:01]} 27. axb5 {[%emt 0:00:01]} Kxe7 {[%emt 0:00:01]} 28. bxa6 {[%emt 0:00:01]} Qg3 {[%emt 0:00:01]} 29. h3 {[%emt 0:00:01]} Rxh3+ {[%emt 0:00:01]} 30. gxh3 {[%emt 0:00:01]} Nf2# {[%emt 0:00:01] (Lag: Av=0.07s, max=0.6s)} 0-1

[Event "Test Tournament"]
[Site "Emanuel Lasker Arena"]
[Date "2024.04.09"]
[Round "3"]
[White "CheckMaid"]
[Black "Myopix"]
[Result "0-1"]
[WhiteElo "1645"]
[BlackElo "1965"]
[Annotator "RC"]
[PlyCount "56"]
[EventDate "2024.04.09"]
[EventType "swiss (blitz)"]

1. e4 {[%emt 0:00:01]} c5 {[%emt 0:00:01]} 2. Nf3 {[%emt 0:00:01]} d6 {[%emt 0:00:01]} 3. d4 {[%emt 0:00:01]} cxd4 {[%emt 0:00:01]} 4. Nxd4 {[%emt 0:00:01]} Nf6 {[%emt 0:00:00]} 5. Nc3 {[%emt 0:00:01]} e6 {[%emt 0:00:01]} 6. g4 {[%emt 0:00:01]} e5 {[%emt 0:00:01]} 7. Bb5+ {[%emt 0:00:11]} Nbd7 {[%emt 0:00:01]} 8. Nf5 {[%emt 0:00:01]} a6 {[%emt 0:00:04]} 9. Bg5 {[%emt 0:00:16]} axb5 {[%emt 0:00:01]} 10. Nxd6+ {[%emt 0:00:01]} Bxd6 {[%emt 0:00:01]} 11. Qxd6 {[%emt 0:00:01]} Qb6 {[%emt 0:00:04]} 12. O-O-O {[%emt 0:00:02]} h5 {[%emt 0:00:01]} 13. b4 {[%emt 0:00:02]} Ra3 {[%emt 0:00:04]} 14. Kb2 {[%emt 0:00:02]} Qxd6 {[%emt 0:00:01]} 15. Rxd6 {[%emt 0:00:01]} Rxc3 {[%emt 0:00:01]} 16. Rhd1 {[%emt 0:00:01]} Nxe4 {[%emt 0:00:01]} 17. R6d5 {[%emt 0:00:02]} Nxg5 {[%emt 0:00:01]} 18. Kxc3 {[%emt 0:00:01]} Nf3 {[%emt 0:00:04]} 19. g5 {[%emt 0:00:02]} Nxg5 {[%emt 0:00:01]} 20. f4 {[%emt 0:00:01]} Nf3 {[%emt 0:00:03]} 21. Rxb5 {[%emt 0:00:02]} Nxh2 {[%emt 0:00:01]} 22. Rd2 {[%emt 0:00:01]} Nf3 {[%emt 0:00:02]} 23. Rd6 {[%emt 0:00:01]} exf4 {[%emt 0:00:01]} 24. a4 {[%emt 0:00:01]} Nde5 {[%emt 0:00:02]} 25. Rbd5 {[%emt 0:00:01]} Be6 {[%emt 0:00:02]} 26. Rd1 {[%emt 0:00:01]} Ke7 {[%emt 0:00:01]} 27. b5 {[%emt 0:00:01]} Rc8+ {[%emt 0:00:02]} 28. Kb4 {[%emt 0:00:01]} Rxc2 {[%emt 0:00:01] Time (Lag: Av=0.07s, max=0.5s)} 0-1

[Event "Test Tournament"]
[Site "Emanuel Lasker Arena"]
[Date "2024.04.09"]
[Round "3"]
[White "Bauernklopper"]
[Black "Brutus"]
[Result "0-1"]
[WhiteElo "1620"]
[BlackElo "2041"]
[Annotator "RC"]
[PlyCount "92"]
[EventDate "2024.04.09"]
[EventType "swiss (blitz)"]

1. d4 {[%emt 0:00:01]} Nf6 {[%emt 0:00:01]} 2. c4 {[%emt 0:00:01]} g6 {[%emt 0:00:01]} 3. Nc3 {[%emt 0:00:01]} Bg7 {[%emt 0:00:01]} 4. e4 {[%emt 0:00:01]} d6 {[%emt 0:00:01]} 5. Nf3 {[%emt 0:00:01]} O-O {[%emt 0:00:01]} 6. Be2 {[%emt 0:00:01]} e5 {[%emt 0:00:01]} 7. dxe5 {[%emt 0:00:01]} dxe5 {[%emt 0:00:01]} 8. Qxd8 {[%emt 0:00:01]} Rxd8 {[%emt 0:00:01]} 9. Bg5 {[%emt 0:00:01]} Re8 {[%emt 0:00:01]} 10. Nd5 {[%emt 0:00:01]} Nxd5 {[%emt 0:00:01]} 11. cxd5 {[%emt 0:00:01]} c6 {[%emt 0:00:01]} 12. Bc4 {[%emt 0:00:01]} cxd5 {[%emt 0:00:01]} 13. Bxd5 {[%emt 0:00:01]} Na6 {[%emt 0:00:01]} 14. O-O {[%emt 0:00:04]} Nb4 {[%emt 0:00:02]} 15. Bc4 {[%emt 0:00:01]} h6 {[%emt 0:00:01]} 16. Nxe5 {[%emt 0:00:11]} Rxe5 {[%emt 0:00:01]} 17. Bd2 {[%emt 0:00:02]} Rxe4 {[%emt 0:00:01]} 18. Bb3 {[%emt 0:00:03]} Bf5 {[%emt 0:00:04]} 19. f3 {[%emt 0:00:02]} Rd4 {[%emt 0:00:07]} 20. Bc3 {[%emt 0:00:03]} b5 {[%emt 0:00:03]} 21. a3 {[%emt 0:00:02]} Nc2 {[%emt 0:00:03]} 22. Rac1 {[%emt 0:00:02]} b4 {[%emt 0:00:02]} 23. axb4 {[%emt 0:00:01]} Nxb4 {[%emt 0:00:01]} 24. Ra1 {[%emt 0:00:01]} a5 {[%emt 0:00:02]} 25. g3 {[%emt 0:00:01]} Bd3 {[%emt 0:00:02]} 26. Rfd1 {[%emt 0:00:02]} Ra6 {[%emt 0:00:02]} 27. Kg2 {[%emt 0:00:01]} h5 {[%emt 0:00:02]} 28. Ra4 {[%emt 0:00:01]} Bc4 {[%emt 0:00:02]} 29. Rxd4 {[%emt 0:00:01]} Bxb3 {[%emt 0:00:01]} 30. Rdxb4 {[%emt 0:00:01]} axb4 {[%emt 0:00:01]} 31. Rxa6 {[%emt 0:00:01]} bxc3 {[%emt 0:00:01]} 32. Ra8+ {[%emt 0:00:01]} Kh7 {[%emt 0:00:01]} 33. bxc3 {[%emt 0:00:01]} Bxc3 {[%emt 0:00:01]} 34. Rd8 {[%emt 0:00:01]} Bc4 {[%emt 0:00:01]} 35. Rc8 {[%emt 0:00:01]} Be6 {[%emt 0:00:01]} 36. Rxc3 {[%emt 0:00:01]} Kg8 {[%emt 0:00:01]} 37. Rc7 {[%emt 0:00:01]} Kf8 {[%emt 0:00:01]} 38. Rb7 {[%emt 0:00:01]} Kg8 {[%emt 0:00:01]} 39. Re7 {[%emt 0:00:01]} Bb3 {[%emt 0:00:01]} 40. Rd7 {[%emt 0:00:01]} Ba2 {[%emt 0:00:00]} 41. g4 {[%emt 0:00:01]} hxg4 {[%emt 0:00:01]} 42. fxg4 {[%emt 0:00:00]} Kg7 {[%emt 0:00:01]} 43. Kf3 {[%emt 0:00:01]} Be6 {[%emt 0:00:00]} 44. Rc7 {[%emt 0:00:01]} Bd5+ {[%emt 0:00:00]} 45. Kg3 {[%emt 0:00:01]} Bb3 {[%emt 0:00:01]} 46. Kf3 {[%emt 0:00:01] .} Kg8 {[%emt 0:00:01]} 0-1

[Event "Test Tournament"]
[Site "Emanuel Lasker Arena"]
[Date "2024.04.09"]
[Round "3"]
[White "Bauernklopper"]
[Black "Melancholia"]
[Result "1-0"]
[WhiteElo "1620"]
[BlackElo "1620"]
[Annotator "NA RC"]
[PlyCount "69"]
[EventDate "2024.04.09"]
[EventType "swiss (blitz)"]

1. d4 {[%emt 0:00:01]} Nf6 {[%emt 0:00:01]} 2. c4 {[%emt 0:00:01]} g6 {[%emt 0:00:01]} 3. Nc3 {[%emt 0:00:01]} d5 {[%emt 0:00:01]} 4. Nf3 {[%emt 0:00:01]} Bg7 {[%emt 0:00:01]} 5. h4 {[%emt 0:00:01]} dxc4 {[%emt 0:00:01]} 6. e4 {[%emt 0:00:01]} O-O {[%emt 0:00:01]} 7. Bxc4 {[%emt 0:00:01]} c5 {[%emt 0:00:01]} 8. d5 {[%emt 0:00:01]} Bg4 {[%emt 0:00:01]} 9. O-O {[%emt 0:00:01]} Nbd7 {[%emt 0:00:04]} 10. Be3 {[%emt 0:00:02]} Ne5 {[%emt 0:00:02]} 11. Be2 {[%emt 0:00:04]} Bxf3 {[%emt 0:00:01]} 12. Bxf3 {[%emt 0:00:01]} Nxf3+ {[%emt 0:00:01]} 13. Qxf3 {[%emt 0:00:01]} e6 {[%emt 0:00:04]} 14. dxe6 {[%emt 0:00:04]} fxe6 {[%emt 0:00:01]} 15. Bxc5 {[%emt 0:00:01]} Re8 {[%emt 0:00:03]} 16. Qd1 {[%emt 0:00:03]} h5 {[%emt 0:00:03]} 17. Qd4 {[%emt 0:00:03]} Ng4 {[%emt 0:00:03]} 18. Qxd8 {[%emt 0:00:03]} Rexd8 {[%emt 0:00:01]} 19. Rad1 {[%emt 0:00:03]} a5 {[%emt 0:00:03]} 20. Rd6 {[%emt 0:00:02]} Kf7 {[%emt 0:00:03]} 21. Rdd1 {[%emt 0:00:02]} Bf6 {[%emt 0:00:02]} 22. Rxd8 {[%emt 0:00:02]} Rxd8 {[%emt 0:00:02]} 23. Nb5 {[%emt 0:00:02]} Rd3 {[%emt 0:00:02]} 24. f3 {[%emt 0:00:02]} Bxh4 {[%emt 0:00:07]} 25. fxg4+ {[%emt 0:00:01]} Kg8 {[%emt 0:00:01]} 26. gxh5 {[%emt 0:00:01]} gxh5 {[%emt 0:00:00]} 27. Rf3 {[%emt 0:00:01]} Rd2 {[%emt 0:00:01]} 28. Bf2 {[%emt 0:00:01]} Bg5 {[%emt 0:00:01]} 29. Be3 {[%emt 0:00:01]} Kg7 {[%emt 0:00:04]} 30. Bxg5 {[%emt 0:00:01]} Rd1+ {[%emt 0:00:01]} 31. Kh2 {[%emt 0:00:01]} Kg8 {[%emt 0:00:01]} 32. a3 {[%emt 0:00:01]} Re1 {[%emt 0:00:01]} 33. Re3 {[%emt 0:00:01]} Kg7 {[%emt 0:00:02]} 34. Rxe1 {[%emt 0:00:01]} Kg6 {[%emt 0:00:01] '} 35. Nc7 {[%emt 0:00:01] (Lag: Av=0.08s, max=0.7s)} 1-0